<?xml version="1.0" encoding="UTF-8"?>
<marc:record xmlns:marc="http://www.loc.gov/MARC21/slim">
   <marc:leader>00000nam a2200000 a 4500</marc:leader>
   <marc:datafield ind1=" " ind2=" " tag="653">
      <marc:subfield code="a">Tod</marc:subfield>
   </marc:datafield>
   <marc:datafield ind1=" " ind2=" " tag="653">
      <marc:subfield code="a">DVD-Video</marc:subfield>
   </marc:datafield>
   <marc:datafield ind1=" " ind2=" " tag="653">
      <marc:subfield code="a">Liebesfilm</marc:subfield>
   </marc:datafield>
   <marc:datafield ind1=" " ind2=" " tag="653">
      <marc:subfield code="a">Drama: Tragödie, Liebesfilm, Familienepos, Melodram, Kinder- und Jugendproblematik (Spielfilme auf DVD)</marc:subfield>
   </marc:datafield>
   <marc:datafield ind1="0" ind2="0" tag="245">
      <marc:subfield code="a">Hinter dem Horizont</marc:subfield>
   </marc:datafield>
   <marc:datafield ind1="0" ind2="0" tag="245">
      <marc:subfield code="b">das Ende ist nur der Anfang</marc:subfield>
   </marc:datafield>
   <marc:datafield ind1=" " ind2="1" tag="264">
      <marc:subfield code="b">Universal Pictures</marc:subfield>
      <marc:subfield code="c">1998</marc:subfield>
   </marc:datafield>
   <marc:datafield ind1="1" ind2=" " tag="520">
      <marc:subfield code="a">Darsteller: Annabella Sciorra, Robin Williams, Cuba Gooding Jr.
Regisseur(e): Vincent Ward
Komponist: Michael Kamen
Chris Nielsen, ein erfolgreicher Arzt, stirbt bei einem tragischen Autounfall. Er erwacht irgendwo hinter dem Horizont, in einem Jenseits, wo all seine Träume und Fantasien zum Leben erwachen. In diesem himmlischen Paradies versucht Chris, seinen Frieden zu finden und die schmerzhafte Trennung von seiner Frau Annie zu überwinden. Auch Annie kann den Verlust ihres Mannes nicht ertragen und nimmt sich völlig verzweifelt das Leben. Im Gegensatz zu Chris findet sich Annie in einer trostlosen Hölle monströser Alptraumfantasien wieder, aus der es kein Zurück gibt. Chris kann und will nicht akzeptieren, daß er Annie niemals wiedersehen darf und beschließt, sie aus der Hölle zu befreien. Zusammen mit einem mysteriösen Spurenleser begibt er sich auf eine Reise hinab ins Reich der Finsternis - eine Reise, die ihn an die Grenzen des Wahnsinns treibt... </marc:subfield>
   </marc:datafield>
   <marc:datafield ind1="3" ind2=" " tag="024">
      <marc:subfield code="a">044005827422</marc:subfield>
   </marc:datafield>
</marc:record>
